Nenne alle Pokémon Attacken - Statistiken

Allgemein
  • Dieses Quiz wurde 127 mal gespielt
  • Das Durchschnittsergebnis liegt bei 224 aus 921
Antwortstatistiken
Typ Attacke Gen % Korrekt
Donner Elektro I
90%
Tackle Normal I
85%
Flammenwurf Feuer I
84%
Aquaknarre Wasser I
82%
Blitz Normal I
82%
Surfer Wasser I
82%
Biss Unlicht* I
80%
Erdbeben Boden I
80%
Glut Feuer I
77%
Knirscher Unlicht II
77%
Psychokinese Psycho I
77%
Eisstrahl Eis I
75%
Donnerblitz Elektro I
74%
Fliegen Flug I
74%
Donnerschlag Elektro I
70%
Feuerschlag Feuer I
70%
Kratzer Normal I
70%
Solarstrahl Pflanze I
70%
Zerschneider Normal I
69%
Gigasauger Pflanze II
67%
Heuler Normal I
67%
Eishieb Eis I
66%
Feuersturm Feuer I
66%
Hypnose Psycho I
66%
Megasauger Pflanze I
66%
Rankenhieb Pflanze I
66%
Rasierblatt Pflanze I
66%
Schaufler Boden I
66%
Steinwurf Gestein I
66%
Steinhagel Gestein I
64%
Taucher Wasser III
64%
Blubber Wasser I
62%
Donnerschock Elektro I
62%
Drachenwut Drache I
62%
Flügelschlag Flug I
62%
Giftpuder Gift I
62%
Hydropumpe Wasser I
62%
Ruckzuckhieb Normal I
62%
Giftstachel Gift I
61%
Spukball Geist II
61%
Toxin Gift I
61%
Aero-Ass Flug III
59%
Drachenklaue Drache III
59%
Hyperstrahl Normal I
59%
Kaskade Wasser I
59%
Regentanz Wasser II
59%
Schlafpuder Pflanze I
59%
Sonnentag Feuer II
59%
Absorber Pflanze I
57%
Blizzard Eis I
57%
Donnerwelle Elektro I
57%
Egelsamen Pflanze I
57%
Fußkick Kampf I
57%
Konfusion Psycho I
57%
Platscher Normal I
57%
Sandsturm Gestein II
57%
Schlitzer Normal I
57%
Silberblick Normal I
57%
Stachelspore Pflanze I
57%
Stärke Normal I
57%
Zertrümmerer Kampf II
57%
Blubbstrahl Wasser I
56%
Explosion Normal I
56%
Gifthieb Gift IV
56%
Schutzschild Normal II
56%
Bodyslam Normal I
54%
Charme Fee* II
54%
Drachentanz Drache III
54%
Eiszahn Eis IV
54%
Feuerzahn Feuer IV
54%
Gesang Normal I
54%
Härtner Normal I
54%
Irrlicht Feuer III
54%
Psystrahl Psycho I
54%
Rutenschlag Normal I
54%
Aurorastrahl Eis I
52%
Eisenschweif Stahl II
52%
Schwerttanz Normal I
52%
Steinkante Gestein IV
52%
Volttackle Elektro III
52%
Wirbelwind Normal I
52%
Bodycheck Normal I
51%
Donnerzahn Elektro IV
51%
Doppelkick Kampf I
51%
Feuerwirbel Feuer I
51%
Fluch Geist* II
51%
Hagelsturm Eis III
51%
Hornbohrer Normal I
51%
Konter Kampf I
51%
Kratzfurie Normal I
51%
Pikser* Flug I
51%
Doppelteam Normal I
49%
Finale Normal I
49%
Finsteraura Unlicht IV
49%
Karateschlag Kampf* I
49%
Kopfnuss Normal I
49%
Lichtschild Psycho I
49%
Luftschnitt Flug IV
49%
Mondgewalt Fee VI
49%
Reflektor Psycho I
49%
Sandwirbel Boden* I
49%
Teleport Psycho I
49%
Zauberblatt Pflanze III
49%
Erholung Psycho I
48%
Feuerodem Drache II
48%
Flammenrad Feuer II
48%
Käferbiss Käfer IV
48%
Matschbombe Gift II
48%
Walzer Gestein II
48%
Whirlpool Wasser II
48%
Wutanfall Drache II
48%
Agilität Psycho I
46%
Aquahaubitze Wasser III
46%
Aquawelle Wasser III
46%
Blitzkanone Elektro II
46%
Blutsauger Käfer I
46%
Eissturm Eis II
46%
Fadenschuss Käfer I
46%
Flammenblitz Feuer IV
46%
Fußtritt Kampf V
46%
Genesung Normal I
46%
Jauler Normal III
46%
Lehmschelle Boden II
46%
Psywelle Psycho I
46%
Risikotackle Normal I
46%
Scanner Kampf II
46%
Stahlflügel Stahl II
46%
Turmkick Kampf I
46%
Windschnitt Flug III
46%
Windstoß Flug* I
46%
Bohrschnabel Flug I
44%
Brüller Normal I
44%
Klammer Normal I
44%
Lichtkanone Stahl IV
44%
Metallklaue Stahl II
44%
Stachler Boden II
44%
Traumfresser Psycho I
44%
Drachenstoß Drache IV
43%
Dunkelklaue Geist IV
43%
Eisenschädel Stahl IV
43%
Eiseskälte Eis III
43%
Geofissur Boden I
43%
Geowurf Kampf I
43%
Himmelsfeger Flug I
43%
Hornattacke Normal I
43%
Hyperzahn Normal I
43%
Klammergriff Normal I
43%
Klaps* Normal I
43%
Lehmschuss Boden III
43%
Schlecker Geist I
43%
Tarnsteine Gestein IV
43%
Wickel Normal I
43%
Draco Meteor Drache IV
41%
Einigler Normal I
41%
Erdkräfte Boden IV
41%
Felswurf Gestein III
41%
Giftwolke Gift I
41%
Hitzekoller Feuer III
41%
Intensität Boden II
41%
Käfergebrumm Käfer IV
41%
Kugelsaat Pflanze III
41%
Mondschein Fee* II
41%
Stampfer Normal I
41%
Ableithieb Kampf IV
39%
Ampelleuchte Käfer III
39%
Antik-Kraft Gestein II
39%
Doppelhieb Drache V
39%
Elektroball Elektro V
39%
Finte Unlicht II
39%
Guillotine Normal I
39%
Laubklinge Pflanze III
39%
Läuterfeuer Feuer II
39%
Megahieb Normal I
39%
Metronom Normal I
39%
Nachtnebel Geist I
39%
Nahkampf Kampf IV
39%
Schädelwumme Normal I
39%
Schnarcher Normal II
39%
Sternschauer Normal I
39%
Sturzflug Flug IV
39%
Blättersturm Pflanze IV
38%
Dampfwalze Boden V
38%
Drachenpuls Drache IV
38%
Eruption Feuer III
38%
Finsterfaust Geist III
38%
Flammensturm Feuer IV
38%
Groll Geist II
38%
Kopfstoß Gestein IV
38%
Kraxler Normal IV
38%
Lehmbrühe Wasser III
38%
Rückkehr Normal II
38%
Ruheort Flug IV
38%
Säure Gift I
38%
Slam Normal I
38%
Triplette Normal I
38%
Wasserdüse Wasser IV
38%
Abgangsbund Geist II
36%
Aurasphäre Kampf IV
36%
Drachenrute Drache V
36%
Duonadel Käfer I
36%
Feenbrise Fee VI
36%
Felswerfer Gestein IV
36%
Furienschlag Normal I
36%
Knuddler Fee VI
36%
Krabbhammer Wasser I
36%
Lawine Eis IV
36%
Lohekanonade Feuer III
36%
Luftstoß Flug II
36%
Megakick Normal I
36%
Nadelrakete Käfer I
36%
Panzerschutz Wasser I
36%
Samenbomben Pflanze IV
36%
Sandgrab Boden III
36%
Spiegelcape Psycho II
36%
Superschall Normal I
36%
Superzahn Normal I
36%
Turbotempo Normal II
36%
Wandler Normal I
36%
Weißnebel Eis I
36%
Windhose Drache II
36%
Abgesang Normal II
34%
Amnesie Psycho I
34%
Blättertanz Pflanze I
34%
Doppelschlag Normal IV
34%
Eisenabwehr Stahl III
34%
Elektrofeld Elektro VI
34%
Energieball Pflanze IV
34%
Felsgrab Gestein III
34%
Geschenk Normal II
34%
Grimasse Normal II
34%
Knochenkeule Boden I
34%
Knochmerang Boden I
34%
Konfusstrahl* Geist I
34%
Ladungsstoß Elektro IV
34%
Mülltreffer Gift IV
34%
Orkan Flug V
34%
Pilzspore Pflanze I
34%
Protzer Kampf III
34%
Psychoklinge Psycho IV
34%
Pulverschnee Eis II
34%
Raserei Normal I
34%
Schallwelle Normal III
34%
Schattenstoß Geist IV
34%
Schlammwoge Gift V
34%
Spiegeltrick Flug I
34%
Sprungfeder Flug III
34%
Turbodreher Normal II
34%
Ultraschall Normal I
34%
Wasserring Wasser IV
34%
Zahltag Normal I
34%
Zornklinge Käfer II
34%
Anziehung Normal II
33%
Auflockern Flug IV
33%
Bodyguard Normal II
33%
Delegator Normal I
33%
Eierbombe Normal I
33%
Feuerfeger Feuer III
33%
Giftzahn Gift III
33%
Grasfeld Pflanze VI
33%
Horter Normal III
33%
Ladestrahl Elektro IV
33%
Ladevorgang Elektro III
33%
Lehmsuhler Boden III
33%
Mogelhieb Normal III
33%
Nitroladung Feuer V
33%
Psykraft Psycho I
33%
Schlagbohrer Boden V
33%
Schlammbad Gift I
33%
Schlangenblick* Normal I
33%
Schockwelle Elektro III
33%
Voltwechsel Elektro V
33%
Wasser-Shuriken Wasser VI
33%
Wuchtschlag Kampf II
33%
Abgangstirade Unlicht VI
31%
Abschlag Unlicht III
31%
Akrobatik Flug V
31%
Angeberei Normal II
31%
Bizarroraum Psycho IV
31%
Durchbruch Kampf III
31%
Eissplitter Eis IV
31%
Flora-Statue* Pflanze III
31%
Fontränen Wasser III
31%
Frustration Normal II
31%
Funkensprung Elektro II
31%
Gedankengut Psycho III
31%
Giftschock Gift V
31%
Gigastoß Normal IV
31%
Hitzewelle Feuer III
31%
Horrorblick Normal II
31%
Juwelenkraft Gestein IV
31%
Kalkklinge Wasser V
31%
Kraftreserve Normal II
31%
Kreuzschere Käfer IV
31%
Milchgetränk Normal II
31%
Mimikry Normal I
31%
Nachthieb Unlicht IV
31%
Nassmacher Wasser III
31%
Psychoschock Psycho V
31%
Raub Unlicht II
31%
Schlafrede Normal II
31%
Siedewasser Wasser V
31%
Silberhauch Käfer III
31%
Sprungkick Kampf I
31%
Tempohieb Kampf II
31%
Verwurzler Pflanze III
31%
Wassersäulen Wasser V
31%
Zauberschein Fee VI
31%
Zielschuss Normal II
31%
Abgrundsklinge Boden VI
30%
Armstoß Kampf III
30%
Auroraschleier Eis VII
30%
Blattwerk Pflanze VII
30%
Brandstempel Feuer V
30%
Diebeskuss Fee VI
30%
Dreifachkick Kampf II
30%
Dunkelnebel Eis I
30%
Duplexhieb Normal I
30%
Erdanziehung Psycho IV
30%
Feuersäulen Feuer V
30%
Heilung Normal III
30%
Holzhammer Pflanze IV
30%
Kehrtwende Käfer IV
30%
Knochenhatz Boden II
30%
Kreideschrei Normal I
30%
Kulleraugen Fee VI
30%
Nachtmahr Geist II
30%
Pflanzensäulen* Pflanze V
30%
Psychofeld Psycho VII
30%
Psycho-Plus Normal II
30%
Rauchwolke Normal I
30%
Raumschlag Drache IV
30%
Sanctoklinge Kampf V
30%
Seher Psycho II
30%
Smog Gift I
30%
Stakkato Normal I
30%
Strauchler Pflanze IV
30%
Tiefschlag Unlicht IV
30%
Überroller Kampf I
30%
Umwandlung Normal I
30%
Verfolgung Unlicht II
30%
Verzehrer Normal III
30%
Vielender Käfer II
30%
Zeitenlärm Drache IV
30%
Zen-Kopfstoß Psycho IV
30%
Aquadurchstoß Wasser VII
28%
Ausdauer Normal II
28%
Aussetzer Normal I
28%
Bunker Gift VII
28%
Elektronetz Elektro V
28%
Entfessler Normal III
28%
Erstauner Geist III
28%
Fassade Normal III
28%
Feenschloss Fee VI
28%
Gähner Normal III
28%
Gangwechsel Stahl V
28%
Giftspitzen Gift IV
28%
Giftstreich Gift IV
28%
Hausbruch Normal V
28%
Irrschlag Normal I
28%
Klingensturm Normal I
28%
Komprimator Normal I
28%
Kreuzflamme Feuer V
28%
Nebelfeld Fee VI
28%
Patronenhieb Stahl IV
28%
Psychobeißer Psycho VII
28%
Schlammbombe Boden IV
28%
Schmarotzer Unlicht V
28%
Solarklinge Pflanze VII
28%
Stahlstrahl Stahl VIII
28%
Stromstoß Elektro V
28%
Trugträne Unlicht III
28%
Überschallknall Normal VI
28%
Überwurf Kampf II
28%
Umwandlung 2* Normal II
28%
Weichei Normal I
28%
Zenitstürmer Flug VI
28%
Zugabe Normal II
28%
Aromakur Pflanze III
26%
Bezirzer Normal III
26%
Blattgeißel Pflanze IV
26%
Daunenreigen Flug III
26%
Feuerball Feuer VIII
26%
Giftschweif Gift III
26%
Grasflöte Pflanze III
26%
Gyroball Stahl IV
26%
Heilbefehl Käfer IV
26%
Himmelhieb Kampf III
26%
Inferno Feuer V
26%
Käfertrutz Käfer V
26%
Klauenwetzer Unlicht V
26%
Kometenhieb Normal I
26%
Kreuzdonner Elektro V
26%
Magnetbombe Stahl IV
26%
Memento-Mori Unlicht III
26%
Meteorologe Normal III
26%
Morgengrauen Normal II
26%
Nassschweif Wasser IV
26%
Ränkeschmied Unlicht IV
26%
Rechte Hand Normal III
26%
Säurepanzer Gift I
26%
Standpauke Unlicht V
26%
Sternenhieb Stahl III
26%
Taumeltanz Normal III
26%
Todeskuss Normal I
26%
Verhöhner Unlicht III
26%
Anfallen Käfer VII
25%
Barriere Psycho I
25%
Bauchtrommel Normal II
25%
Blauflammen Feuer V
25%
Blockbefehl Käfer IV
25%
Eisesodem Eis V
25%
Eisspeer Eis III
25%
Fegekick Kampf I
25%
Fuchtler Normal I
25%
Funkenflug Feuer V
25%
Hammerarm Kampf IV
25%
Heilblockade Psycho IV
25%
Kanon Normal V
25%
Kraftkoloss Kampf III
25%
Kreuzhieb Kampf II
25%
Lockduft Normal II
25%
Metallstoß Stahl IV
25%
Nachahmer Normal II
25%
Octazooka Wasser II
25%
Schlagbefehl Käfer IV
25%
Schuppenrasseln Drache VII
25%
Schutzstacheln Pflanze VI
25%
Spinnennetz Käfer II
25%
Tausend Pfeile Boden VI
25%
Telekinese Psycho V
25%
Unheilböen Geist IV
25%
Baumwollsaat Pflanze II
23%
Einäschern Feuer V
23%
Falterreigen Käfer V
23%
Feuerreigen Feuer V
23%
Flying Press Kampf VI
23%
Folterknecht Unlicht III
23%
Frostbeule Eis III
23%
Geduld Normal I
23%
Grasmixer Pflanze V
23%
Holzgeweih Pflanze V
23%
Klebenetz Käfer VI
23%
Lunartanz Psycho IV
23%
Meditation Psycho I
23%
Natur-Kraft Normal III
23%
Pferdestärke Boden VII
23%
Phantomkraft Geist VI
23%
Plage Käfer VI
23%
Psychostoß Psycho V
23%
Rückenwind Flug IV
23%
Schaumserenade Wasser VII
23%
Scheinwerfer Psycho III
23%
Schemenkraft Geist IV
23%
Schnapper Wasser I
23%
Spiegelsalve Stahl IV
23%
Spotlight Normal III
23%
Synthese Pflanze II
23%
Tagedieb Normal III
23%
Urgesang Normal V
23%
Ursprungswoge Wasser VI
23%
Verzweifler Normal I
23%
Wangenrubbler Elektro VI
23%
Aufruhr Normal III
21%
Autotomie Stahl V
21%
Begrenzer Psycho III
21%
Blitzschlag Elektro V
21%
Blütenwirbel Pflanze VI
21%
Body Press Kampf VIII
21%
Dark Lariat Unlicht VII
21%
Dreschflegel Normal II
21%
Einrollen Gift V
21%
Eiszapfhagel Eis V
21%
Gefriertrockner Eis VI
21%
Heilopfer Psycho IV
21%
Katapult Gestein V
21%
Lake Wasser IV
21%
Metallsound Stahl III
21%
Pflücker Flug IV
21%
Riechsalz Normal III
21%
Sorgensamen Pflanze IV
21%
Tarnung Normal III
21%
Tausend Wellen Boden VI
21%
Trommelschläge Pflanze VIII
21%
Umklammerung Normal I
21%
Vergeltung Kampf III
21%
V-Generator Feuer V
21%
Vitalglocke Normal II
21%
Wirbler Unlicht VII
21%
Zermalmklaue Normal III
21%
Zuflucht Normal IV
21%
Beerenkräfte Normal IV
20%
Bitterkuss Fee* II
20%
Blubbsauger Wasser VII
20%
Drachenpfeile Drache VIII
20%
Elektropikser Elektro VII
20%
Energiefokus Normal I
20%
Fokusstoß Kampf IV
20%
Fruststampfer Boden VII
20%
Gegenstoß Unlicht IV
20%
Geheimpower Normal III
20%
Grasrutsche Pflanze VIII
20%
Gravitation Pflanze VIII
20%
Kampfgebrüll Normal VI
20%
Kiemenbiss Wasser VIII
20%
Kismetwunsch Stahl III
20%
Krafttausch Psycho IV
20%
Lavasturm Feuer IV
20%
Magieflamme Feuer VI
20%
Notsituation Normal III
20%
Parabolladung Elektro VI
20%
Rammboss Stahl V
20%
Säuselstimme Fee VI
20%
Schleuder Unlicht IV
20%
Schweifglanz Käfer III
20%
Stafette* Normal II
20%
Steinpolitur Gestein IV
20%
Trugschlag Normal II
20%
Übernahme Unlicht III
20%
Wachstum Normal I
20%
Wunderraum Psycho V
20%
Abblocker Unlicht VIII
18%
Auswringen Normal IV
18%
Doppelflügel Flug VIII
18%
Egotrip Normal IV
18%
Geokontrolle Fee VI
18%
Geschwätz Flug IV
18%
Giftfaden Gift VII
18%
Giftfalle Gift VI
18%
Gigantenhieb Stahl VIII
18%
Gigantenstoß Stahl VIII
18%
Halloween Geist VI
18%
Imitator Normal IV
18%
Itemsperre Unlicht IV
18%
Klikkdiskus Stahl V
18%
Kraftwelle Kampf IV
18%
Magiemantel Psycho III
18%
Mystoschwert Kampf V
18%
Nebelball Psycho III
18%
Nietenranke Pflanze III
18%
Pflüger Boden VI
18%
Prügler Unlicht II
18%
Quetschwalze Käfer V
18%
Rollwende Wasser VIII
18%
Rückentzug Normal III
18%
Schattenknochen Geist VII
18%
Schmeichler Unlicht III
18%
Schneelandschaft Eis IX
18%
Schuppenschuss Drache VIII
18%
Stachelfinale Käfer VI
18%
Trickbetrug Psycho III
18%
Unheilsschwingen Flug VI
18%
Urteilskraft Normal IV
18%
Vakuumwelle Kampf IV
18%
Watteschild Pflanze V
18%
Widerhall Normal V
18%
Zuschuss Normal III
18%
Zweigstoß Pflanze VIII
18%
Ankerschuss Stahl VII
16%
Apfelsäure Pflanze VIII
16%
Ausbrennen Feuer VII
16%
Dampfschwall Wasser VI
16%
Dornkanone Normal I
16%
Dynamax-Kanone Drache VIII
16%
Eiszeit Eis V
16%
Freier Fall Flug V
16%
Gegenschlag Kampf II
16%
Kraftabsorber Pflanze VII
16%
Krafttrick Psycho IV
16%
Magieraum Psycho V
16%
Magnetflug Elektro IV
16%
Meteorstrahl Gestein VIII
16%
Nachtflut Unlicht V
16%
Neck Strike Unlicht VII
16%
Power-Punch Kampf III
16%
Psyschub Psycho III
16%
Quetschgriff Normal IV
16%
Rundumschutz Gestein V
16%
Säurespeier Gift V
16%
Schlummerort Unlicht IV
16%
Steigerungshieb Kampf VI
16%
Turbofelsen Gestein VII
16%
Überflutung Wasser V
16%
Wunschtraum Normal III
16%
Zwango Normal V
16%
Akupressur Normal IV
15%
Aufbereitung Normal III
15%
Blumentrick Pflanze IX
15%
Diebesschatten Geist VII
15%
Drachenkräfte Drache VIII
15%
Fesselbiss Unlicht VIII
15%
Frosthauch Eis V
15%
Heimzahlung Normal V
15%
Herzstempel Psycho V
15%
Hyperbohrer Normal IX
15%
Kanonenbouquet Fee VII
15%
Königsschild Stahl VI
15%
Kosmik-Kraft Psycho III
15%
Kraftschub Normal V
15%
Kraftvorrat Psycho V
15%
Leidteiler Normal II
15%
Loderlied Feuer IX
15%
Mäuseplage Normal IX
15%
Nachspiel Geist III
15%
Nebelexplosion Fee VIII
15%
Panzerfalle Feuer VII
15%
Präzisionsschuss Wasser VIII
15%
Schärfer Normal I
15%
Sondersensor Psycho III
15%
Stahlgestirn Stahl VII
15%
Steinschädel Normal V
15%
Strafattacke Unlicht IV
15%
Synchrolärm Psycho V
15%
Überrumpler Käfer VII
15%
Waldesfluch Pflanze VI
15%
Weckruf Kampf IV
15%
Wellentackle Wasser VIII
15%
Wogentanz Wasser IX
15%
Wutpulver Käfer V
15%
Astralfragmente Geist VIII
13%
Breitseite Drache VIII
13%
Feuerpeitsche Feuer VII
13%
Frostvolt Eis V
13%
Heilwoge Psycho V
13%
Konzentration Normal VII
13%
Offenlegung Normal IV
13%
Pollenknödel Käfer VII
13%
Sandsammler Boden VII
13%
Schattenfessel Geist VII
13%
Schnüffler Normal III
13%
Schocksamen Pflanze IV
13%
Schockschnabel Elektro VIII
13%
Schutztausch Psycho IV
13%
Seitenwechsel Normal VIII
13%
Techblaster Normal V
13%
Teerschuss Gestein VIII
13%
Tränendrüse Normal VII
13%
Tropenkick Pflanze VII
13%
Überkopfwurf Kampf V
13%
Willensleser Normal II
13%
Aufräumen Normal IX
11%
Aura-Rad Elektro VIII
11%
Bürde Geist V
11%
Donnernder Tritt Kampf VIII
11%
Doppelstrahl Psycho IX
11%
Eisiger Blick Psycho VIII
11%
Gewissheit Unlicht IV
11%
Kalte Dusche Wasser IX
11%
Krabbelkracher Käfer VIII
11%
Kraftteiler Psycho V
11%
Lebenstropfen Wasser VIII
11%
Lichteinschlag Psycho IX
11%
Magensäfte Gift IV
11%
Octoklammer Kampf VIII
11%
Psybann Psycho IV
11%
Schattenstrahl Geist VII
11%
Schnabelkanone Flug VII
11%
Schutzteiler Psycho V
11%
Schwanzabwurf Normal IX
11%
Tatami-Schild Kampf VI
11%
Trumpfkarte Normal IV
11%
Wankelstrahl Normal V
11%
Wunderauge Psycho IV
11%
Zermürben Normal V
11%
Abpausen Normal IX
10%
Anspringen Käfer IX
10%
Bergsturm Kampf V
10%
Blitzgefängnis Elektro VIII
10%
Bodengewalt Boden VI
10%
Coaching Kampf VIII
10%
Duftwolke Fee VI
10%
Dyna-Wall Normal VIII
10%
Eiskreisel Eis IX
10%
Elektrifizierung Elektro VI
10%
Finalformation Kampf VIII
10%
Flammenball Feuer V
10%
Kameradschaft Normal VI
10%
Klärsmog Gift V
10%
Kniefalltrick Unlicht VIII
10%
Kommando Psycho VII
10%
Lux Calamitatis Fee VI
10%
Multi-Angriff Normal VII
10%
Naturzorn Fee VII
10%
Overdrive Elektro VIII
10%
Photonen-Geysir Psycho VII
10%
Rapidschutz Kampf V
10%
Schmalhorn Stahl VII
10%
Seitentausch Psycho V
10%
Wagemut Kampf V
10%
Wechseldich Unlicht IV
10%
Wegbereiter Pflanze IX
10%
Zornesfaust Geist IX
10%
Aquaschnitt Wasser IX
8%
Auftischen Drache IX
8%
Beschwörung Normal IV
8%
Brandsand Boden VIII
8%
Diamantsturm Gestein VI
8%
Dimensionswahn Unlicht VI
8%
Drachenhammer Drache VII
8%
Dreifach-Axel Eis VIII
8%
Dyna-Faust Kampf VIII
8%
Dyna-Zauber Fee VIII
8%
Eishammer Eis VII
8%
Fähigkeitstausch* Psycho III
8%
Flammenwut Feuer VIII
8%
Frustventil Unlicht VIII
8%
Galanterie Normal V
8%
Magnetregler Elektro VI
8%
Panzerfäuste Stahl VII
8%
Plasmafäuste Elektro VII
8%
Rülpser Gift VI
8%
Sanktionskern Drache VII
8%
Spaßkanone Normal III
8%
Tera-Ausbruch Normal IX
8%
Verzierung Fee VIII
8%
Apokalyptische Steinpresse Gestein VII
7%
Donnerorkan Elektro VIII
7%
Dschungelheilung Pflanze VIII
7%
Dyna-Düse Flug VIII
7%
Dyna-Spuk Geist VIII
7%
Dyna-Wyrm Drache VIII
7%
Felsaxt Gestein VIII
7%
Fersenkick Kampf IX
7%
Florakur Fee VII
7%
Goldene Zeiten Normal VI
7%
Großklingenstoß Drache IX
7%
Herzliche Knuddelkloppe Fee VII
7%
Invertigo Unlicht VI
7%
Knallkopf Feuer VII
7%
Kraftwechsel Normal VIII
7%
Lunargebet Psycho VIII
7%
Neidflammen Feuer VIII
7%
Pökelsalz Gestein IX
7%
Polarorkan Flug VIII
7%
Poltergeist Geist VIII
7%
Prisma-Laser Psycho VII
7%
Pulverschleuder Käfer VI
7%
Riesenhammer Stahl IX
7%
Rollenspiel* Psycho III
7%
Scharfblick* Normal II
7%
Seelenbruch Fee VIII
7%
Seelentanz Drache VIII
7%
Sirupbombe Pflanze IX
7%
Tauchtriade Wasser IX
7%
Teatime Normal VIII
7%
Vendetta Unlicht IX
7%
Vertrauenssache Normal VI
7%
Vitalsegen Normal IX
7%
Blitztour Elektro IX
5%
Brillante Blütenpracht Pflanze VII
5%
Chlorostrahl Pflanze VIII
5%
Dyna-Angriff Normal VIII
5%
Dyna-Brand Feuer VIII
5%
Dyna-Brocken Gestein VIII
5%
Dyna-Dunkel Unlicht VIII
5%
Dyna-Flora Pflanze VIII
5%
Dyna-Kinese Psycho VIII
5%
Eisenwalze Stahl VIII
5%
Fadenfalle Käfer IX
5%
Finstertreffer Unlicht VIII
5%
Finsterturbo Unlicht IX
5%
Floraschutz Fee VI
5%
Frühlingsorkan Fee VIII
5%
Giftstachelregen Gift VIII
5%
Goldrausch Stahl IX
5%
Händchenhalten Normal VI
5%
Hitzeturbo Feuer IX
5%
Liebreiz Normal IV
5%
Magiepuder Psycho VIII
5%
Mystowellen Elektro VI
5%
Plasmaschauer Elektro VI
5%
Rasselnder Seelentanz Drache VII
5%
Reifendrehung Stahl IX
5%
Reueschwert Feuer IX
5%
Rüstungskanone Feuer IX
5%
Siegestanz Kampf VIII
5%
Trefferschwall Wasser VIII
5%
Typenspiegel Normal V
5%
Überheblichkeit Unlicht VII
5%
Unendynastrahlen Drache VIII
5%
Verzögerung Unlicht V
5%
Wecktanz Normal VII
5%
Wunderdampf Fee VIII
5%
Wüstenorkan Boden VIII
5%
Abspaltung Normal IX
3%
Alolas Wächter Fee VII
3%
Auraschwingen Psycho VIII
3%
Backenstopfer Normal VIII
3%
Barrierenstoß Psycho VIII
3%
Blizzardlanze Eis VIII
3%
Britzelturbo Elektro VII
3%
Chili-Essenz Pflanze IX
3%
Dimensionsloch Psycho VI
3%
Drastisches Drachendröhnen Drache VII
3%
Düsenhieb Wasser IX
3%
Dyna-Erdstoß Boden VIII
3%
Dyna-Flut Wasser VIII
3%
Dyna-Frost Eis VIII
3%
Dyna-Gewitter Elektro VIII
3%
Dyna-Giftschwall Gift VIII
3%
Dyna-Schwarm Käfer VIII
3%
Dyna-Stahlzacken Stahl VIII
3%
Ehrentag Normal VI
3%
Evo-Crash Normal VII
3%
Fangeisen Pflanze VIII
3%
Fulminante Faustschläge Kampf VII
3%
Hyper Dark Crusher Unlicht VII
3%
Kehrschelle Normal V
3%
Klingenschwall Unlicht VIII
3%
Kniefallspalter Unlicht IX
3%
Kollisionskurs Kampf IX
3%
Läuterung Gift VII
3%
Letzte Ehre Geist IX
3%
Licht des Erlöschens Psycho VII
3%
Muschelwaffe Gift VIII
3%
Niedertracht Geist VIII
3%
Plätschersurfer Wasser VII
3%
Rasender Stier Normal IX
3%
Refugium Stahl VIII
3%
Schluss mit lustig Normal VII
3%
Sprießbomben Pflanze VII
3%
Super-Wassertornado Wasser VII
3%
Tachyon-Schnitt Stahl IX
3%
Verderben Unlicht IX
3%
Zurückhaltung Normal VI
3%
Zweifachladung Elektro IX
3%
Blitz-Wellenritt Elektro VII
2%
Brennender Zorn Unlicht VIII
2%
Drillingspfeile Kampf VIII
2%
Dynamische Maxiflamme Feuer VII
2%
Eisige Stimmung Eis IX
2%
Finaler Steilflug Flug VII
2%
Flächenmacht Psycho VIII
2%
Flackerbrand Feuer VII
2%
Giga-Feuerkessel Feuer VIII
2%
Giga-Getrommel Pflanze VIII
2%
Giga-Schlacke Gestein VIII
2%
Giga-Schütze Wasser VIII
2%
Gigavolt-Funkensalve Elektro VII
2%
Glitzersturm Fee VII
2%
Grandiose Meeressymphonie Wasser VII
2%
Hilfsmechanik Stahl VII
2%
Hydrodampf Wasser IX
2%
Hyper-Sprintangriff Normal VII
2%
Initiativetausch Psycho VII
2%
Knisterladung Elektro VII
2%
Letalwirbler Gift IX
2%
Macht der Neun Normal VII
2%
Mutschub Psycho VIII
2%
Mythenkraft Psycho VIII
2%
Offerte Normal V
2%
Perfektes Pika-Projektil Elektro VII
2%
Phantomparade Geist VIII
2%
Pika-Flash Elektro VII
2%
Psycholärm Psycho IX
2%
Psychoschneide Psycho IX
2%
Quälzone Unlicht VII
2%
Rampenlicht Normal VII
2%
Schatten-Pfeilregen Geist VII
2%
Schauderspruch Psycho VIII
2%
Schmetterramme Boden VIII
2%
Schnellkonter Kampf IX
2%
Schwarzes Loch des Grauens Unlicht VII
2%
Schwebesturz Flug VII
2%
Seismische Eruption Boden VII
2%
Statustausch Psycho IV
2%
Sternbild des Seelenraubes Geist VII
2%
Sternensturm Kampf VIII
2%
Stromstrahl Elektro IX
2%
Tausendfacher Donnerblitz Elektro VII
2%
Toxiturbo Gift IX
2%
Trickschutz Fee VI
2%
Unheilsklauen Gift VIII
2%
Zauberturbo Fee IX
2%
Entzückender Sternenstoß Fee VII
0%
Ewige Nacht Geist VII
0%
Fataler Steinregen Gestein VII
0%
Feldimpuls Normal VIII
0%
Frostfallwind Eis VIII
0%
Geballter Mondlaser Geist VII
0%
Giga-Astrowellen Psycho VIII
0%
Giga-Benebelung Käfer VIII
0%
Giga-Beschuss Wasser VIII
0%
Giga-Blitzhagel Elektro VIII
0%
Giga-Brandball Feuer VIII
0%
Giga-Dämpfer Drache VIII
0%
Giga-Einzelhieb Unlicht VIII
0%
Giga-Feuerflug Feuer VIII
0%
Giga-Fokusschlag Kampf VIII
0%
Giga-Gähnzwang Unlicht VIII
0%
Giga-Geißel Pflanze VIII
0%
Giga-Gekuschel Normal VIII
0%
Giga-Geröll Wasser VIII
0%
Giga-Gestank Gift VIII
0%
Giga-Lichtblick Fee VIII
0%
Giga-Melodie Eis VIII
0%
Giga-Multihieb Wasser VIII
0%
Giga-Münzregen Normal VIII
0%
Giga-Nektarflut Pflanze VIII
0%
Giga-Recycling Normal VIII
0%
Giga-Sandstoß Boden VIII
0%
Giga-Sanktion Fee VIII
0%
Giga-Säureguss Pflanze VIII
0%
Giga-Schaumbad Wasser VIII
0%
Giga-Schmelze Stahl VIII
0%
Giga-Spuksperre Geist VIII
0%
Giga-Stahlschlag Stahl VIII
0%
Giga-Sturmstoß Flug VIII
0%
Giga-Voltschlag Elektro VIII
0%
Hochspannung Elektro VIII
0%
Klirrfrost Eis VII
0%
Korrosionsgas Gift VIII
0%
Psycho-Schmetterschlag Psycho VII
0%
Pulsieraura Psycho VII
0%
Raufturbo Kampf IX
0%
Schmetternde Sonnenwalze Stahl VII
0%
Sturmblitz Elektro IX
0%
Supernova des Ursprungs Psycho VII
0%
Tobender Geofrost Eis VII
0%
Turbo-Spiralkombo Stahl VII
0%
Vernichtender Säureregen Gift VII
0%
Wirbelnder Insektenhieb Käfer VII
0%
Keine übereinstimmenden Quizze gefunden
Verteilung der Resultate
Anzahl Personen mit jedem Resultat
Perzentil nach korrekt beantworteten Fragen
Ihre Resultats-Entwicklung
Sie haben dieses Quiz noch nicht gespielt